| 000 | 01106 a2200229 4500 | ||
|---|---|---|---|
| 003 | Nust | ||
| 005 | 20221027132355.0 | ||
| 010 | _a 96182358 | ||
| 020 | _a0078821460 | ||
| 040 | _cNust | ||
| 082 | 0 | 0 | _a006.6,IHR |
| 100 | 1 |
_aIhrig, Sybil. _9101514 |
|
| 245 | 1 | 0 |
_aPreparing digital images for print / _cSybil Ihrig, Emil Ihrig. |
| 260 |
_aBerkeley, Calif. : _bOsborne McGraw-Hill, _cc1996. |
||
| 300 |
_ax, 161 p. : _bill. (some col.) ; _c23 cm. |
||
| 440 | 0 |
_aDigital pro series _9101515 |
|
| 505 | _aConsider the Source(Page-1), Working the System(Page-13), Screening and Print Reproduction Basics (Page-25), Color Reproduction and Management (Page-39), Image-Editing and Enhancement Tools (Page-63), Color Separations and Conversions (Page-75), Tonal Correction for Output (Page-97), Balancing and Correcting Color (Page-113), Resolution and Sizing for Print Media (Page-129), Sharpening and Special-Case Adjustments (Page-141). | ||
| 650 | 0 |
_aComputer graphics. _91225 |
|
| 650 | 0 |
_aImage processing _xDigital techniques. _9673 |
|
| 700 | 1 |
_aIhrig, Emil. _9101516 |
|
| 942 |
_2ddc _cBK _k006.6,IHR |
||
| 999 |
_c180028 _d180028 |
||